000 00642nam a22002057a 4500
005 20251108164825.0
008 250721s1984 xx 000 0 ara d
082 1 4 _a616.3/إمس
100 1 _aبيدس، إميل خليل
_eكاتب حوار
245 1 0 _aالإمساك و أمراض الأمعاء /
250 _aط2.
264 1 _aبيروت :
_bدار الآفاق الجديده،
_c1984.
300 _a104ص
490 0 _aكن طبيب نفسك
650 1 7 _aالجهاز الهضمي
650 1 7 _aأمراض الجهاز الهضمي
650 1 7 _aالإضطرابات الهضمية
942 _2ddc
_cBK
999 _c15225
_d15225